1128 1647 1843 1987 1503 1822 1276 1819 1598 1083 1864 1235 1286 1742 1900 1370 1857 1964 1672 1291 1029 1613 1619 1472 1014 1457 1042 1200 1986 1635 1971 1915 1021 1525 1827 1869 1929 1161 1913 1765 1190 1805 1916 1560 1947 1787 1199 1744 1578 1915 1084 1261 1264 1562 1056 1102 1550 1479 1912 1366 1234 1775 1855 1655 1787 1838 1352 1886 1522 1792 1774 1826 1802 1789 1343 1572 1308 1010 1865 1595 1234 1524 1532 1202 1857 1633 1890 1955 1763 1405 1898 1684 1323 1369 1360 1840 1397 1181 1773 BCNSPRNW ULIB Ver.6.0+V

เปลี่ยนเป็นภาษาไทย

Change to English
 แสดงรายละเอียดบรรณานุกรม
  กลับหน้าหลัก

Brief Record : Get Marc (ISO 2709) : E-mail record : QR code < ปิดหน้าต่าง
LEADER : 00000nam 2200000uu 4500
001    13399113005
003     ULIB
008    110921s2544||||th 000 0 tha d
041 0  tha^heng
050  4 PE1114^bพ361ห 2544
110 1  สถาบันพระบรมราชชชนก
245 10 หมวดสนับสนุนการบริหาร วิชาภาษาอังกฤษ /^cสถาบันพระบรมราชชชนก
260    นนทบุรี :^bสถาบันพระบรมราชชชนก,^c2544
300    155 หน้า
650  7 ภาษาอังกฤษ^xการใช้ภาษา
650  7 ภาษาอังกฤษ^xแบบฝึกหัด
945    ^p0^l0^i013613
945    ^p0^l0^i013614
945    ^p0^l0^i013615
995    ทศพร
999 ^a ทศพร
รายการนี้ยังไม่มีแท็ก
คุณยังไม่ได้ล็อกอิน คุณสามารถมีกิจกรรมร่วมกับเว็บไซต์ได้ แต่ต้องล็อกอินก่อน ::
  ล็อกอิน

รายการสื่อสารสนเทศ

ลำดับที่ ประเภท เลขเรียก/บาร์โค้ด สถานที่ สถานะ
- ไม่พบข้อมูล -

รายการใกล้เคียง
    หัวเรื่อง [ภาษาอังกฤษ การใช้ภาษา]

BibComment


ยังไม่เคยถูกคอมเมนท์

คอมเมนท์ทรัพยากรรายการนี้
  คอมเมนท์: หมวดสนับสนุนการบร..


 Copyright 2026. Bcnsprnw @Library